Úverové (kreditné) deriváty: rýchlo rastúci segment dlhopisového trhu

Nárast derivátových cenných papierov, trh dlhopisov je zaplavovaný rôznymi typmi sofistikovaných cenných papierov, ktoré dokážu transferovať mieru rizika, ktoré je obsiahnuté vo vnútornej štruktúre dlhopisu. Najpoužívanejšie úverové deriváty na svetových kapitálových trhoch.

Enregistré dans:
Détails bibliographiques
Auteur principal: Matúšek, Ivan
Format: Chapitre de livre
Langue:slovaque
Sujets:
Tags: Ajouter un tag
Pas de tags, Soyez le premier à ajouter un tag!

MARC

LEADER 00000naa$a2200000$$$4500
001 0056581
005 20221128094952.0
041 0 |a slo 
044 |a SK 
245 1 0 |a Úverové (kreditné) deriváty: rýchlo rastúci segment dlhopisového trhu  |c Ivan Matúšek 
520 |a Nárast derivátových cenných papierov, trh dlhopisov je zaplavovaný rôznymi typmi sofistikovaných cenných papierov, ktoré dokážu transferovať mieru rizika, ktoré je obsiahnuté vo vnútornej štruktúre dlhopisu. Najpoužívanejšie úverové deriváty na svetových kapitálových trhoch. 
610 2 0 |a dlhopisy 
610 2 0 |a papiere cenné 
610 2 0 |a deriváty 
610 2 0 |a úver 
610 2 0 |a trh kapitálový 
100 1 |a Matúšek, Ivan